00357nam a2200121Ia 4500008004100000082002000041100001800061245003400079260003000113300001000143630001800153650006400171211122s9999||||xx |||||||||||||| ||und|| a894.8123bMAD-L aMadhavan, N S 0aLthenbetheriyile Luthiniyakal bD c BooksaKottayamc2003 a256p. xGeneral Stack aMalayalam LiteraturevMalayalam Fiction LiteratureMalayalam